MDQL
is popping MORE tags! Check the
thread
!
Quizzes
Events
Quiz Creation
Community
Videos
Private Events
Remove Ads
Sign In
Join for FREE
Feedback
Dark Mode
Quiz Categories
Sports
Geography
Music
Movies
Television
Just For Fun
Miscellaneous
History
Literature
Language
Science
Gaming
Entertainment
Religion
Holiday
For Kids
Quiz Lab
Recent
Popular Today
Quiz Kudos Today
Editor Picks
Curator Picks
Quizzes by...
Day
Popularity
Type
Ratings
Length
Year
Community
Subscriptions
Recent Discussions
Orange Saloon
Badges
Playlists
Quests
Create
Leaderboards
Showdown
Live 5
Trivia Bingo
Activity
Puzzle Library
Sporcle Events
Private Events
Virtual Trivia
Globe League
Become a Host
Pub Owners
SporcleCon
Opinionation
Our Games
Videos
Blog
Mobile Apps
Partnerships
Remove Ads and Go Orange
Feedback
Entertainment
Celebrity
Famous
Musical
Broadway
Show
Quote
Comic Books
Anime
Superhero
DC Comics
Marvel
Cartoons
Animation
Entertainment
Celebrity
Famous
Musical
Broadway
Show
Quote
Comic Books
Anime
Superhero
DC Comics
Marvel
Cartoons
Animation
Random Quiz
Search Sporcle
×
Quiz Lab
Quiz Lab
Entertainment
City
Type in answers that appear in a list
Type in answers that appear in a list
Classic
Best Score? Go Orange.
Films/TV Shows based on their Towns/Cities Stats
Can you name the Fictional Towns/Cities?
By
thegimboid
6m
22 Questions
471 Plays
471 Plays
471 Plays
Comments
Comments
Give Quiz Kudos
Give Quiz Kudos
-
- Ratings
hide this ad
More Info
Replay
Link that replays current quiz
Next Quiz
Link to next quiz in quiz playlist
You Got
0%
They Got
Avg Score
43%
Avg Friend Score
Upgrade to see
Score Distribution
Jump to the score distribution portion of the page
Score
0/22
Timer
06:00
0
Plays Today
Town
Film
% Correct
Gotham City
Batman
89.6%
Quahog
Family Guy
82.6%
Bedrock
The Flintstones
82.2%
Metropolis
Superman
81.1%
Hogsmeade
Harry Potter
73.2%
Hobbiton
Lord of the Rings
71.3%
Emerald City
The Wizard of Oz
70.5%
New New York
Futurama
52.4%
Cloud City
Star Wars
52.4%
Halloween Town
Nightmare Before Christmas
43.9%
Haddonfield
Halloween
41.2%
Town
Film
% Correct
Zion
The Matrix
40.6%
Duloc
Shrek
38%
Hill Valley
Back to the Future
29.9%
Springwood
Nightmare on Elm Street
26.1%
Arlen
King of the Hill
21.7%
Townsville
The Powerpuff Girls
15.3%
Elwood City
Arthur
12.1%
Lawndale
Daria
10%
Metroville
The Incredibles
7.4%
Bahia Bay
The Weekenders
4.5%
Edge
Final Fantasy: Advent Children
1.3%
Quiz Playlist
Details
Report
Send in Message
Add To Playlist
More Info:
Can you name the Films or TV shows based upon the towns or cities that appear within them?
Classic:
Type in answers that appear in a list
Last Updated: Feb 16, 2017
Quiz Scoreboard
CHALLENGE
Sign Up to Join the Scoreboard
Show All
Scores
Hide
Comments
May contain spoilers
Recently Published
Image Sorting: Flags VI
by Barbecue
Geography
2m
Find the 'City' Movie
by crazypaving
Movies
60s
5x2 Blitz: Bands
by SL_Kpop136
Music
30s
More to Explore
Quiz From the Vault
Featured Blog Post
14 Easter Pick-up Lines to Find Eggs With
hide this ad
You Might Also Like...
Tags
City Quiz
Show Quiz
fictional
Fictional Towns
genre
Town
Today's Top Quizzes in Entertainment
Browse Entertainment
hide this ad
Today's Top Quizzes in City
Browse City
Top Contributed Quizzes in Entertainment
1
Marvel Classic Character Map
2
Dragon Ball Z: Goku's Fights in Order
3
Marvel Characters Bunker
4
JoJo's Bizarre Logic Quiz
5
This is Your Life: Edward Elric
6
Celebrity Spelling Bee
7
This is Your Life: Itachi Uchiha
8
BOYS PLANET Quiz
9
Sorting Pictures: Villains
10
One Piece Heroines Chapter Cover
Explore More
Trending Topics
Marvel
NBA
Harry Potter
Kpop
Disney
Anime
Crossword
WWE
Pokémon
Soccer
The Office
Song
Puzzle
Country
NFL
hide this ad
More By:
thegimboid
Quiz
Plays
Rating
Category
Featured
Created
Disney Villains by Song Lyrics
39,266
4.35
Movies
Feb 27, 2010
Disney Films by Song
5,542
4.20
Movies
Mar 2, 2010
Films/TV Shows based on their Towns/Cities
471
4.80
Entertainment
Feb 12, 2010
The Blocks of Minecraft
106
3.00
Gaming
Feb 5, 2011
Go to Creator's Profile
Score Distribution
Quiz Creator Spotlight
thegimboid
Follow
Send a Message
Quizzes Created
-
Created Quiz Play Count
-
More By This Creator
Popular Quizzes Today
1
Colored Red Africa Blitz
2
Find the US States - No Outlines Minefield
3
Find the 'City' Movie
4
5x2 Blitz: Bands
5
The Countries of the World
6
Find the US States
7
Find the Countries of Europe - No Outlines Minefield
8
US States
More Entertainment Quizzes
Marvel Character Profile: Incredible Hulk
Curator's Pick
Trending Quizzes
Colored Red Europe Blitz I
Colored Red Europe Blitz II
Colored Red Africa Blitz II
Colored Red Europe Blitz III
Colored Red Africa Blitz III
Recently Updated
How Do You Spell That?
pecheneg
Godzilla Movies
pecheneg
Grab Bag: 4-10 Letters
pecheneg
2024 March Madness Bracket
pecheneg
Famous TV Couples
Peacemaker
Champions League XIs: Real Madrid
pecheneg
Largest US Cities 1790-2010
pecheneg
Rides in Walt Disney World
pecheneg
Most Oscar Losses (Acting)
pecheneg
Beyoncé Albums
pecheneg
Trending Topics
Kpop
Marvel
Harry Potter
NBA
Disney
Anime
Crossword
The Office
NFL
Song
Country
Pokémon
Puzzle
Soccer
WWE
Your Account Isn't Verified!
In order to create a playlist on Sporcle, you need to verify the email address you used during registration. Go to your
Sporcle Settings
to finish the process.
Report this User
Report this user for behavior that violates our
Community Guidelines
.
Details:
Send Report
Go to the Sporcle.com Mobile Site →
Comments